[Event "Lehrte Comitec"]
[Site "Lehrte"]
[Date "2022.08.16"]
[Round "4"]
[White "Hagemann, Elmar"]
[Black "Pubantz, Jan"]
[Result "0-1"]
[WhiteElo "2265"]
[BlackElo "2271"]
[PlyCount "68"]
[EventDate "2022.08.14"]
[EventType "tourn"]
[EventRounds "9"]
[EventCountry "GER"]
[EventCategory "3"]
[SourceTitle "EXT 2024"]
[Source "ChessBase"]
[SourceDate "2023.10.10"]
[SourceVersion "1"]
[SourceVersionDate "2023.10.10"]
[SourceQuality "1"]

1. d4 d5 2. c4 c6 3. Nc3 Nf6 4. Nf3 e6 5. e3 Nbd7 6. Be2 dxc4 7. a4 Qa5 8. Nd2 b5 9. Ra2 Qb6 10. Bf3 Rb8 11. 0-0 a6 12. b3 Nd5 13. Bxd5 cxd5 14. axb5 axb5 15. Bb2 b4 16. Na4 Qc6 17. Nf3 Ba6 18. Re1 c3 19. Bc1 Bd6 20. e4 dxe4 21. Ng5 Nf6 22. Nc5 Bxc5 23. dxc5 h6 24. Qd6 Qxd6 25. cxd6 Bb7 26. d7+ Ke7 27. Nxf7 Kxf7 28. Ra7 g5 29. h4 Rhd8 30. hxg5 hxg5 31. Rd1 Rxd7 32. Rxd7+ Nxd7 33. Bxg5 Ke8 34. Bf4 e5 0-1

[Event "Muensterland Verbandsliga 1213"]
[Site "Germany"]
[Date "2012.12.22"]
[Round "4.1"]
[White "Hagemann, Elmar"]
[Black "Wewers, Reinhard"]
[Result "1/2-1/2"]
[WhiteElo "2091"]
[BlackElo "2075"]
[PlyCount "101"]
[EventDate "2012.09.22"]
[EventType "team-tourn"]
[EventRounds "9"]
[EventCountry "GER"]
[SourceTitle "EXT 2015"]
[Source "ChessBase"]
[SourceDate "2014.11.20"]
[SourceVersion "1"]
[SourceVersionDate "2014.11.20"]
[SourceQuality "1"]
[WhiteTeam "Sendenhorst"]
[BlackTeam "Duelmen"]
[WhiteTeamCountry "GER"]
[BlackTeamCountry "GER"]

1. d4 Nf6 2. Nf3 c5 3. d5 g6 4. Nc3 Bg7 5. e4 0-0 6. Be2 b5 7. e5 Ng4 8. Bf4 b4 9. Ne4 d6 10. exd6 exd6 11. 0-0 Bxb2 12. Nxd6 Bxa1 13. Qxa1 Qf6 14. Qc1 Nd7 15. Ng5 Nge5 16. Nge4 Qe7 17. Bh6 f5 18. Bxf8 Qxf8 19. f4 Nf7 20. Nxf7 Qxf7 21. Ng5 Qf6 22. Rd1 Nb6 23. Qe3 Bd7 24. d6 Re8 25. Qb3+ Kg7 26. Bf1 Ba4 27. Qf3 Rd8 28. Qb7+ Rd7 29. Qb8 Bc6 30. Ba6 h6 31. Bc8 hxg5 32. Bxd7 Nxd7 33. Qc7 Bb5 34. fxg5 Qxg5 35. Re1 Qd2 36. Re7+ Kh6 37. h3 Qd4+ 38. Kh1 Nf6 39. Re6 Ne4 40. Qe7 Nf2+ 41. Kh2 Qf4+ 42. Kg1 Nxh3+ 43. Kh1 Bc6 44. Qf8+ Kg5 45. Qe7+ Kg4 46. Rxg6+ Ng5 47. Qe2+ Kh4 48. d7 Qc1+ 49. Kh2 Qf4+ 50. Kh1 Qc1+ 51. Kh2 1/2-1/2

[Event "NRW Class2 1112"]
[Site "Germany"]
[Date "2012.03.04"]
[Round "7.1"]
[White "Rotstein, Jefim"]
[Black "Hagemann, Elmar"]
[Result "0-1"]
[WhiteElo "2234"]
[BlackElo "2090"]
[PlyCount "102"]
[EventDate "2011.09.18"]
[EventType "team-tourn"]
[EventRounds "9"]
[EventCountry "GER"]
[SourceTitle "EXT 2015"]
[Source "ChessBase"]
[SourceDate "2014.11.20"]
[SourceVersion "1"]
[SourceVersionDate "2014.11.20"]
[SourceQuality "1"]
[WhiteTeam "Koeln Ford SF"]
[BlackTeam "Sendenhorst"]
[WhiteTeamCountry "GER"]
[BlackTeamCountry "GER"]

1. f4 Nf6 2. Nf3 d5 3. e3 g6 4. Be2 Bg7 5. 0-0 0-0 6. d3 c5 7. Qe1 Nc6 8. Qh4 b6 9. Ne5 Nxe5 10. fxe5 Nd7 11. d4 e6 12. Qxd8 Rxd8 13. c4 Ba6 14. Na3 Rac8 15. b3 Bh6 16. Nb5 Bxb5 17. cxb5 Rc7 18. e4 Bxc1 19. Raxc1 dxe4 20. Rf4 Rdc8 21. Rxe4 cxd4 22. Rd1 Rc1 23. Kf2 Rxd1 24. Bxd1 Rc5 25. Be2 Nxe5 26. Rxd4 Rc7 27. a4 Kf8 28. a5 Ke7 29. h4 h6 30. h5 g5 31. axb6 axb6 32. Ra4 Kf6 33. Ra8 Rd7 34. Ke3 Rd6 35. Rb8 Nd7 36. Rd8 Ke7 37. Rh8 e5 38. Bf3 Nf6 39. Bc6 Rd8 40. Rxd8 Kxd8 41. Bf3 Ke7 42. Be2 Kd6 43. Bc4 Ke7 44. Be2 g4 45. b4 Ke6 46. Bc4+ Nd5+ 47. Kf2 f5 48. Kg3 Kd6 49. Kh4 Ne3 50. Be2 Nxg2+ 51. Kg3 Nf4 0-1

[Event "NRW Class2 1112"]
[Site "Germany"]
[Date "2012.01.08"]
[Round "5.1"]
[White "Nordsieck, Thomas"]
[Black "Hagemann, Elmar"]
[Result "1/2-1/2"]
[WhiteElo "2249"]
[BlackElo "2090"]
[PlyCount "55"]
[EventDate "2011.09.18"]
[EventType "team-tourn"]
[EventRounds "9"]
[EventCountry "GER"]
[SourceTitle "EXT 2015"]
[Source "ChessBase"]
[SourceDate "2014.11.20"]
[SourceVersion "1"]
[SourceVersionDate "2014.11.20"]
[SourceQuality "1"]
[WhiteTeam "Herford"]
[BlackTeam "Sendenhorst"]
[WhiteTeamCountry "GER"]
[BlackTeamCountry "GER"]

1. e4 c5 2. Nf3 d6 3. d4 cxd4 4. Nxd4 Nf6 5. Nc3 a6 6. a4 e5 7. Nb3 Be7 8. Be2 0-0 9. 0-0 Nc6 10. Bg5 Be6 11. Qd2 Rc8 12. Rad1 Nb4 13. Bf3 Qb6 14. Be3 Qc7 15. a5 Bxb3 16. Bb6 Qc4 17. cxb3 Qxb3 18. Rc1 Qe6 19. Rfd1 h6 20. h3 Qd7 21. Ne2 Rxc1 22. Rxc1 Nc6 23. b4 d5 24. exd5 e4 25. Qe3 Nxd5 26. Qxe4 Nxb6 27. axb6 Qd6 28. Ng3 1/2-1/2

[Event "NRW Class2 1112"]
[Site "Germany"]
[Date "2011.12.04"]
[Round "4.1"]
[White "Hagemann, Elmar"]
[Black "Kniest, Oliver"]
[Result "0-1"]
[WhiteElo "2090"]
[BlackElo "2252"]
[PlyCount "42"]
[EventDate "2011.09.18"]
[EventType "team-tourn"]
[EventRounds "9"]
[EventCountry "GER"]
[SourceTitle "EXT 2015"]
[Source "ChessBase"]
[SourceDate "2014.11.20"]
[SourceVersion "1"]
[SourceVersionDate "2014.11.20"]
[SourceQuality "1"]
[WhiteTeam "Sendenhorst"]
[BlackTeam "Solingen III"]
[WhiteTeamCountry "GER"]
[BlackTeamCountry "GER"]

1. d4 e6 2. c4 b6 3. Nf3 Nf6 4. a3 Ba6 5. Qc2 Bb7 6. Nc3 c5 7. e4 cxd4 8. Nxd4 d6 9. Be2 Be7 10. Be3 a6 11. g4 Nc6 12. f4 Nd7 13. 0-0-0 Rc8 14. Rhg1 Na5 15. e5 dxe5 16. Nxe6 fxe6 17. Bd3 Nxc4 18. Bg6+ hxg6 19. Qxg6+ Kf8 20. Qxe6 Rc6 21. Qf5+ Rf6 0-1

[Event "Muensterland Verbandsliga 1011"]
[Site "Germany"]
[Date "2010.11.27"]
[Round "3.1"]
[White "Werner, Daniel"]
[Black "Hagemann, Elmar"]
[Result "1-0"]
[WhiteElo "2091"]
[BlackElo "2054"]
[PlyCount "75"]
[EventDate "2010.09.25"]
[EventType "team-tourn"]
[EventRounds "9"]
[EventCountry "GER"]
[SourceTitle "EXT 2012"]
[Source "ChessBase"]
[SourceDate "2011.11.24"]
[SourceVersion "1"]
[SourceVersionDate "2011.11.24"]
[SourceQuality "1"]
[WhiteTeam "Ostbevern Westbevern"]
[BlackTeam "Sendenhorst"]
[WhiteTeamCountry "GER"]
[BlackTeamCountry "GER"]

1. e4 c6 2. d4 d5 3. exd5 cxd5 4. c4 Nf6 5. Nc3 g6 6. Nf3 Bg7 7. Qb3 0-0 8. cxd5 Na6 9. Bxa6 bxa6 10. 0-0 e6 11. dxe6 Bxe6 12. Qa3 Qb6 13. Qc5 Qb7 14. Rd1 Rac8 15. Qa3 Rfe8 16. Bg5 Bg4 17. d5 Bxf3 18. gxf3 Rxc3 19. Qxc3 Nxd5 20. Qd2 Re5 21. Rac1 h6 22. Bh4 Rh5 23. Bg3 Qb6 24. b3 Rf5 25. Qe2 Qb5 26. Qxb5 axb5 27. Rc5 Nc3 28. Rxf5 gxf5 29. Rd8+ Kh7 30. a3 a5 31. Bd6 Ne2+ 32. Kf1 Nd4 33. Rb8 a4 34. bxa4 bxa4 35. Kg2 Kg6 36. Rb4 h5 37. Rxa4 h4 38. Rc4 1-0

[Event "Muensterland Verbandsklasse-B 0708"]
[Site "Germany"]
[Date "2008.04.12"]
[Round "8.2"]
[White "Hagemann, Elmar"]
[Black "Freitag, Julia"]
[Result "1/2-1/2"]
[WhiteElo "2062"]
[BlackElo "2068"]
[PlyCount "84"]
[EventDate "2007.09.15"]
[EventType "team"]
[EventRounds "9"]
[EventCountry "GER"]
[SourceTitle "EXT 2009"]
[Source "ChessBase"]
[SourceDate "2008.11.26"]
[SourceVersion "1"]
[SourceVersionDate "2008.11.26"]
[SourceQuality "1"]
[WhiteTeam "Sendenhorst"]
[BlackTeam "Steinfurt"]
[WhiteTeamCountry "GER"]
[BlackTeamCountry "GER"]

1. d4 d5 2. Nf3 e6 3. c4 f5 4. g3 c6 5. Bg2 Bd6 6. Qc2 Nf6 7. 0-0 Ne4 8. Ne5 Bxe5 9. dxe5 Nd7 10. cxd5 cxd5 11. Bf4 0-0 12. f3 Qb6+ 13. e3 g5 14. fxe4 gxf4 15. exd5 fxe3 16. Nc3 Nxe5 17. Na4 Qb5 18. Rae1 Bd7 19. Nc3 Qc5 20. Qe2 Nc4 21. Rf4 Rac8 22. dxe6 Bxe6 23. b3 Nd6 24. Na4 Qe5 25. Qxe3 Qxe3+ 26. Rxe3 Rc1+ 27. Rf1 Rxf1+ 28. Kxf1 Bf7 29. Nc5 b6 30. Nd3 Re8 31. Ne5 Kg7 32. Kf2 Bg8 33. Ke2 Rc8 34. Kd2 Nb5 35. Bc6 Nd4 36. Bd7 Rd8 37. Kc3 Ne6 38. Bxe6 Bxe6 39. Nd3 Rd6 40. Nf4 Kf6 41. a3 Rc6+ 42. Kd2 Rd6+ 1/2-1/2

[Event "Muensterland Verbandsklasse-B 0708"]
[Site "Germany"]
[Date "2007.09.15"]
[Round "1.2"]
[White "Buss, Harald"]
[Black "Hagemann, Elmar"]
[Result "1/2-1/2"]
[WhiteElo "1826"]
[BlackElo "2062"]
[PlyCount "76"]
[EventDate "2007.09.15"]
[EventType "team"]
[EventRounds "9"]
[EventCountry "GER"]
[SourceTitle "EXT 2009"]
[Source "ChessBase"]
[SourceDate "2008.11.26"]
[SourceVersion "1"]
[SourceVersionDate "2008.11.26"]
[SourceQuality "1"]
[WhiteTeam "Muenster Indische Dame"]
[BlackTeam "Sendenhorst"]
[WhiteTeamCountry "GER"]
[BlackTeamCountry "GER"]

1. d4 Nf6 2. c4 e6 3. Nc3 Bb4 4. e3 0-0 5. Bd3 c5 6. Nge2 d5 7. 0-0 b6 8. dxc5 bxc5 9. Qc2 Nc6 10. cxd5 exd5 11. Rd1 Bxc3 12. Qxc3 Qb6 13. b3 Be6 14. Ba3 Nb4 15. Bxb4 cxb4 16. Qb2 Rfc8 17. Rac1 h6 18. Nd4 Ne4 19. Bxe4 dxe4 20. Rc2 Bg4 21. Rdc1 Rxc2 22. Rxc2 Rd8 23. h3 Bd7 24. Qc1 Qg6 25. Kh2 Qd6+ 26. Kh1 Kh7 27. Rc5 Be6 28. Rc6 Qe7 29. Nxe6 fxe6 30. Qc4 Rd6 31. Qxe4+ Kg8 32. Rc8+ Kf7 33. Qf4+ Kg6 34. Qe4+ Kf7 35. Qf4+ Kg6 36. Qe4+ Kf7 37. Qf3+ Kg6 38. Qe4+ Kf7 1/2-1/2

[Event "Muensterland Verbandsklasse-A 0506"]
[Site "Germany"]
[Date "2006.02.11"]
[Round "6.1"]
[White "Hagemann, Elmar"]
[Black "Lemli, Thomas"]
[Result "1-0"]
[WhiteElo "2056"]
[BlackElo "2076"]
[PlyCount "77"]
[EventDate "2005.09.03"]
[EventType "team"]
[EventRounds "9"]
[EventCountry "GER"]
[SourceTitle "EXT 2006"]
[Source "ChessBase"]
[SourceDate "2005.11.24"]
[SourceVersion "1"]
[SourceVersionDate "2005.11.24"]
[SourceQuality "1"]
[WhiteTeam "Sendenhorst"]
[BlackTeam "Emsdetten Rochade"]
[WhiteTeamCountry "GER"]
[BlackTeamCountry "GER"]

1. e4 e6 2. d4 d5 3. e5 c5 4. c3 Nc6 5. Nf3 Nge7 6. Na3 cxd4 7. cxd4 Nf5 8. Nc2 Nb4 9. Ne3 Nxe3 10. fxe3 Be7 11. a3 Nc6 12. Bd3 0-0 13. 0-0 f6 14. Qc2 f5 15. b4 Bd7 16. Qe2 a6 17. g3 Na7 18. Bb2 Ba4 19. Ne1 Qd7 20. Ng2 Rac8 21. g4 g6 22. gxf5 exf5 23. Rac1 Bb5 24. Bxb5 Nxb5 25. Nf4 Bg5 26. Qf3 Bxf4 27. exf4 Nc7 28. Rc5 b6 29. Rc2 Ne6 30. Rfc1 Rxc2 31. Rxc2 g5 32. fxg5 Nxg5 33. Rg2 Qg7 34. Qxd5+ Kh8 35. Qb3 Qh6 36. d5 Ne4 37. e6+ Nf6 38. Qc3 f4 39. e7 1-0

[Event "Muensterland Verbandsklasse-A 0506"]
[Site "Germany"]
[Date "2006.01.21"]
[Round "5.1"]
[White "Lerke, Bernd"]
[Black "Hagemann, Elmar"]
[Result "1/2-1/2"]
[WhiteElo "1961"]
[BlackElo "2056"]
[PlyCount "46"]
[EventDate "2005.09.03"]
[EventType "team"]
[EventRounds "9"]
[EventCountry "GER"]
[SourceTitle "EXT 2006"]
[Source "ChessBase"]
[SourceDate "2005.11.24"]
[SourceVersion "1"]
[SourceVersionDate "2005.11.24"]
[SourceQuality "1"]
[WhiteTeam "Nordwalde"]
[BlackTeam "Sendenhorst"]
[WhiteTeamCountry "GER"]
[BlackTeamCountry "GER"]

1. c4 g6 2. e4 Bg7 3. Nc3 d6 4. Be2 c5 5. d3 Nc6 6. Be3 e5 7. Qd2 Nd4 8. Bd1 Bd7 9. Nge2 h5 10. Nd5 h4 11. h3 Nxe2 12. Bxe2 Be6 13. b4 Bxd5 14. cxd5 b6 15. 0-0 f5 16. Bg5 Bf6 17. Bxf6 Qxf6 18. bxc5 dxc5 19. f4 Nh6 20. Rae1 0-0-0 21. a4 exf4 22. Qxf4 g5 23. Qc1 Qd4+ 1/2-1/2

[Event "Muensterland Verbandsklasse-A 0506"]
[Site "Germany"]
[Date "2005.11.05"]
[Round "2.1"]
[White "Rosing, Hermann"]
[Black "Hagemann, Elmar"]
[Result "0-1"]
[WhiteElo "2009"]
[BlackElo "2056"]
[PlyCount "50"]
[EventDate "2005.09.03"]
[EventType "team"]
[EventRounds "9"]
[EventCountry "GER"]
[SourceTitle "EXT 2006"]
[Source "ChessBase"]
[SourceDate "2005.11.24"]
[SourceVersion "1"]
[SourceVersionDate "2005.11.24"]
[SourceQuality "1"]
[WhiteTeam "Ahaus Wessum"]
[BlackTeam "Sendenhorst"]
[WhiteTeamCountry "GER"]
[BlackTeamCountry "GER"]

1. e4 d5 2. exd5 Qxd5 3. d4 e5 4. Be3 Nc6 5. Nc3 Bb4 6. a3 Bxc3+ 7. bxc3 Nf6 8. Nf3 e4 9. Nd2 Bg4 10. Qb1 0-0 11. Bc4 Qd6 12. 0-0 Na5 13. Qb5 b6 14. Rfe1 Rfe8 15. Ba2 Bd7 16. Qg5 h6 17. Qh4 Ng4 18. Qg3 Qxg3 19. hxg3 Rac8 20. c4 c5 21. d5 f5 22. Re2 Re7 23. Rae1 Rce8 24. Bf4 Nb7 25. f3 exf3 0-1

[Event "Muensterland Verbandsklasse-A 0405"]
[Site "Muensterland"]
[Date "2004.11.27"]
[Round "4.2"]
[White "Lanfer, Stefanie"]
[Black "Hagemann, Elmar"]
[Result "0-1"]
[WhiteElo "1869"]
[BlackElo "2044"]
[PlyCount "108"]
[EventDate "2004.09.11"]
[EventType "team"]
[EventRounds "9"]
[EventCountry "GER"]
[SourceTitle "EXT 2006"]
[Source "ChessBase"]
[SourceDate "2005.11.24"]
[SourceVersion "1"]
[SourceVersionDate "2005.11.24"]
[SourceQuality "1"]
[WhiteTeam "Gesch II"]
[BlackTeam "Sendenhorst"]
[WhiteTeamCountry "GER"]
[BlackTeamCountry "GER"]

1. e4 c5 2. d4 e6 3. Nf3 cxd4 4. Nxd4 a6 5. Be3 Nf6 6. Bd3 Qc7 7. Nd2 d6 8. f4 Nbd7 9. c3 b6 10. N4b3 Bb7 11. 0-0 h5 12. h3 Be7 13. Rc1 e5 14. Qe1 exf4 15. Bxf4 Ne5 16. Bb1 Nfd7 17. Nd4 g6 18. Qf2 0-0-0 19. b4 Kb8 20. a4 g5 21. Bxe5 Nxe5 22. N2f3 g4 23. Nxe5 dxe5 24. Nf5 Bg5 25. Rcd1 gxh3 26. gxh3 Bf4 27. Qf3 Rd7 28. Bc2 Rg8+ 29. Kf2 Rc8 30. Rxd7 Qxd7 31. Rd1 Qxf5 32. exf5 Bxf3 33. Kxf3 Rxc3+ 34. Bd3 Ra3 35. a5 bxa5 36. bxa5 Kc7 37. Ke2 Ra2+ 38. Kf3 Rxa5 39. Bc4 Ra3+ 40. Kg2 f6 41. Bd3 Bg5 42. Be2 h4 43. Bf3 Ra2+ 44. Kf1 a5 45. Rd3 Kb6 46. Bd1 Kc5 47. Be2 Kb4 48. Rd5 a4 49. Rb5+ Kc3 50. Rc5+ Kd2 51. Rd5+ Ke3 52. Bg4 e4 53. Rd1 a3 54. Ke1 Rh2 0-1

[Event "Muensterland Verbandsklasse-A 0304"]
[Site "Germany"]
[Date "2003.12.13"]
[Round "4.1"]
[White "Hagemann, Elmar"]
[Black "Storck, Martin"]
[Result "0-1"]
[WhiteElo "2052"]
[BlackElo "2028"]
[PlyCount "102"]
[EventDate "2003.09.20"]
[EventType "team"]
[EventRounds "9"]
[EventCountry "GER"]
[SourceTitle "EXT 2005"]
[Source "ChessBase"]
[SourceDate "2004.11.15"]
[SourceVersion "1"]
[SourceVersionDate "2004.11.15"]
[SourceQuality "1"]
[WhiteTeam "Sendenhorst"]
[BlackTeam "Gronau"]
[WhiteTeamCountry "GER"]
[BlackTeamCountry "GER"]

1. d4 d5 2. Nf3 Nf6 3. e3 Bg4 4. c4 e6 5. Qb3 Qc8 6. Nc3 c6 7. Bd2 Nbd7 8. Rc1 Qb8 9. Ne5 Nxe5 10. dxe5 Nd7 11. cxd5 exd5 12. f4 Be7 13. Bd3 Bh4+ 14. g3 Be7 15. h3 Be6 16. Qd1 g6 17. Qf3 f6 18. exf6 Bxf6 19. g4 Qd6 20. e4 d4 21. Ne2 Bh4+ 22. Ng3 Rf8 23. Rg1 g5 24. f5 Ne5 25. Qe2 Bxa2 26. Kf1 c5 27. Bb5+ Kd8 28. Ba5+ b6 29. Be1 d3 30. Qe3 a6 31. Ba4 Nc4 32. Rxc4 Bxc4 33. Bd2 b5 34. e5 Qd4 35. Qxd4+ cxd4 36. Bd1 Bd5 37. Ba5+ Kd7 38. Ke1 Rae8 39. e6+ Bxe6 40. fxe6+ Rxe6+ 41. Kd2 Rf2+ 42. Kc1 Rc6+ 43. Kb1 Bxg3 44. Be1 d2 45. Bxf2 Rc1+ 46. Ka2 Bxf2 47. Rf1 Be1 48. Bb3 d1Q 49. Bxd1 Rxd1 50. Rf7+ Kc6 51. Kb3 d3 0-1

[Event "Muensterland Verbandsklasse-A 0304"]
[Site "Germany"]
[Date "2003.11.15"]
[Round "3.1"]
[White "Meyer, Ulrich"]
[Black "Hagemann, Elmar"]
[Result "1-0"]
[WhiteElo "2176"]
[BlackElo "2052"]
[PlyCount "83"]
[EventDate "2003.09.20"]
[EventType "team"]
[EventRounds "9"]
[EventCountry "GER"]
[SourceTitle "EXT 2005"]
[Source "ChessBase"]
[SourceDate "2004.11.15"]
[SourceVersion "1"]
[SourceVersionDate "2004.11.15"]
[SourceQuality "1"]
[WhiteTeam "Muenster Indische Dame"]
[BlackTeam "Sendenhorst"]
[WhiteTeamCountry "GER"]
[BlackTeamCountry "GER"]

1. e4 c5 2. Nc3 Nc6 3. g3 g6 4. Bg2 Bg7 5. d3 d6 6. Be3 Rb8 7. Qd2 Nd4 8. Nd1 e6 9. c3 Nc6 10. f4 Nge7 11. Nf3 b6 12. 0-0 0-0 13. Nh4 f5 14. exf5 gxf5 15. Nf3 Ba6 16. Re1 Qd7 17. d4 Rbd8 18. Bf2 cxd4 19. cxd4 Rf6 20. Ne3 d5 21. g4 fxg4 22. Nxg4 Rg6 23. Nge5 Nxe5 24. fxe5 Bh6 25. Be3 Bxe3+ 26. Rxe3 Nf5 27. Ra3 Bc4 28. Rc3 Rf8 29. b3 Ba6 30. Rac1 Qb5 31. Re1 Rf7 32. Kh1 Qb4 33. Rc8+ Rf8 34. Qxb4 Rxc8 35. Qd2 Rc7 36. Bh3 Bc8 37. Bxf5 exf5 38. Rg1 Rcg7 39. Rxg6 Rxg6 40. Qc2 Be6 41. Qc7 f4 42. Ng5 1-0

[Event "Muensterland Verbandsklasse-A 0203"]
[Site "Muensterland"]
[Date "2003.05.03"]
[Round "9.1"]
[White "Hagemann, Elmar"]
[Black "Lerke, Bernd"]
[Result "1-0"]
[WhiteElo "2046"]
[BlackElo "1992"]
[PlyCount "75"]
[EventDate "2002.09.28"]
[EventType "team"]
[EventRounds "9"]
[EventCountry "GER"]
[SourceTitle "EXT 2004"]
[Source "ChessBase"]
[SourceDate "2003.11.25"]
[SourceVersion "1"]
[SourceVersionDate "2003.11.25"]
[SourceQuality "1"]
[WhiteTeam "Sendenhorst"]
[BlackTeam "Nordwalde"]
[WhiteTeamCountry "GER"]
[BlackTeamCountry "GER"]

1. e4 e6 2. d4 c5 3. c3 d5 4. e5 Nc6 5. Nf3 Bd7 6. a3 Be7 7. Bd3 c4 8. Bc2 Qc7 9. h4 h6 10. h5 0-0-0 11. g3 Qb6 12. 0-0 f5 13. b4 Be8 14. Ne1 g6 15. hxg6 Bxg6 16. Ng2 h5 17. Nf4 Bf7 18. Kg2 Bf8 19. Rh1 Nge7 20. a4 Bh6 21. Na3 a6 22. Rb1 Qc7 23. b5 Nb8 24. bxa6 bxa6 25. Nxh5 Bxc1 26. Rxc1 Bxh5 27. Rxh5 Ng6 28. Qf3 Rxh5 29. Qxh5 Rg8 30. Qh6 Qf7 31. Rh1 Nd7 32. Nb1 f4 33. Qh7 Qe8 34. Rh6 Ndxe5 35. dxe5 Nxe5 36. Rxe6 f3+ 37. Kg1 Qf8 38. Rxe5 1-0